| 000 | 00606nam a2200229 a 4500 | ||
|---|---|---|---|
| 005 | 20210219152709.0 | ||
| 008 | 991125s1974 lon 000 0 eng u | ||
| 020 | _a333165721 | ||
| 035 | _aUPN01000059016 | ||
| 049 | _aF | ||
| 050 | 4 |
_aPE1117 L3 _bH5.8 |
|
| 100 | 1 | _aHim, George | |
| 245 | 1 | 0 |
_aWw / _cartist George Him |
| 260 |
_aLondon : _bMacMillan, _c1974 |
||
| 300 |
_a8 p. : _bprincipalmente il |
||
| 440 | 0 | _aLanguage in action | |
| 520 | _a"The language project" | ||
| 520 | _aDatos tomados de la cubierta | ||
| 902 | _aCAV CARLOS AGUILAR VILLA | ||
| 904 |
_aAC _b059019 |
||
| 905 | _aLibro | ||
| 999 |
_c59016 _d59016 |
||